01166nam a2200265 a 450000100100000000500170001000800410002702000150006804000250008308200240010811000600013224500930019224600530028526000960033830000370043465000270047165000300049865000310052865000260055991000390058504900090062495201280063395201220076199900170088300002077220250401130908.0100817s2004 xxua 000 0 spa d a8484762084 aDO-SdBNPbspacBNPHU a303.44bP964i, 20042 aPrograma de las Naciones Unidas para el Desarrollo918710aInforme sobre desarrollo humano 2004 :bla libertad cultural en el mundo diverso de hoy.23aLa libertad cultural en el mundo diverso de hoy. aNew York :bPrograma de las Naciones Unidas para el Desarrollo:bGrupo Mundi-Prensa,c2004. axiv, 285 p. :bgráf. ;c28 cm. 4aDesarrollo humano9213 0aIdentidad colectiva91723 4aDerechos culturales910362 0aDerechos humanos9658 aValidado. Control de calidad BNPHU aBNPD 001050718MOaGRbGRcHDd2010-08-17iLF1l0o303.44 P964i, 2004p20772-10r2020-06-25te. 2w2020-06-25y1ZNo se presta 001050718MOaGRbGRcHDd2010-08-17iLF1l0o303.44 P964i, 2004p20772-20r2020-06-25w2020-06-25y1ZNo se presta c20276d20276